| 000 | 00540nam a22001817a 4500 | ||
|---|---|---|---|
| 999 |
_c478618 _d478618 |
||
| 003 | NUST | ||
| 005 | 20180606063411.0 | ||
| 008 | 180606b ||||| |||| 00| 0 eng d | ||
| 020 | _a9788131522691 | ||
| 038 | _aSNS Library | ||
| 082 | _a543 HOL 2014 | ||
| 100 |
_aF. James Holler, Stanley R. Crouch _911049 |
||
| 245 |
_aSkoog and West's Fundamentals of Analytical Chemistry _cF. James Holler, Stanley R. Crouch |
||
| 250 | _a9th Ed. | ||
| 260 |
_aIndia _bCengage Learning _c2014 |
||
| 300 |
_axvii, 1050 P. _bPb. |
||
| 942 |
_2ddc _cBK |
||